Statistics for Countries that Beat Italy

Click here to take the quiz!

General Stats

  • This quiz has been taken 1,569 times
    (1,201 since last reset)
  • The average score is 17 of 20

Answer Stats

RankCategoryCountries% Correct
4Produces the most cheeseUnited States | Germany | France
98%
5Most international touristsFrance | Spain | United States | China
97%
5Longest coastlines in EuropeNorway | Russia | Greece | United Kingdom
92%
2Southernmost in EuropeGreece
91%
6Most guessed in the quiz Countries of the worldUnited States | Canada | Russia | China | Mexico
91%
4Most Allied deaths in World War IRussia | France | United Kingdom
90%
4Which visits Spain the mostUnited Kingdom | France | Germany
90%
4Most exports to FranceGermany | United States | Spain
89%
3Most Michelin star restaurantsFrance | Japan
88%
3Most imports from FranceGermany | China
88%
6Hottest in EuropeMalta | Greece | Vatican City | Portugal | Monaco
87%
4Longest border with metropolitan FranceSpain | Belgium | Switzerland
85%
8European capital with the most sunshine(Cyprus) | Malta | Portugal | Greece | Spain |
Monaco | Albania | Montenegro
84%
5The highest taxes in EuropeDenmark | France | Belgium | Finland
82%
3Most populated capital city in European UnionGermany | Spain
81%
2Most guessed capital city on JetPunkFrance
80%
2Highest percentage of Italian speakersSan Marino
80%
2Produces the most olive oilSpain
79%
5Biggest modern-day country of the Roman EmpireTurkey | Egypt | France | Spain
78%
3Shortest border between two countriesBotswana/Zambia | Spain/United Kingdom
41%

Score Distribution

Percentile by Number Answered

Percent of People with Each Score

Your Score History

You have not taken this quiz since the last reset